| 000 | 01096aam a2200325 4500 | ||
|---|---|---|---|
| 001 | 19121 | ||
| 003 | CO-MdFUSB | ||
| 005 | 20190202100448.0 | ||
| 008 | 170324t2000 xxu||||f |||| 00| 0 eng d | ||
| 020 | _a0-19-512526-6 | ||
| 040 |
_aCO-MdFUSB _bspa _cCO-MdFUSB _dCO-MdFUSBC _erda |
||
| 041 | _aeng | ||
| 082 |
_224 _aG 271.12 _bEV92b |
||
| 100 | 1 |
_aEvans, G. R. (Gillian Rosemary) _eautor |
|
| 245 | 0 | 0 |
_aBernard of Clairvaux _c/ G. R. Evans |
| 264 | 1 |
_aNew York : _bOxford University Press, _c℗2000 |
|
| 264 | 4 | _c©2000 | |
| 300 |
_a220 páginas _b: _c; |
||
| 336 |
_2rdacontent _a1 _ba1 |
||
| 337 |
_2rdamedia _a2 _b5 |
||
| 338 |
_2rdacarrier _a2 _b5 |
||
| 490 | _aGreat Medieval Thinkers | ||
| 501 | _aIncluye índices (p. 231- 220) | ||
| 504 | _aBibliografía (p. 209- 211) | ||
| 505 | 0 | 0 | _aVita Bernardi - Teología monástica - Teología académica - Exégesis y teología - Teología positiva - Teología negativa - Teología moral, la ley y la justicia - Teología política |
| 563 | _aRústico | ||
| 650 | 7 |
_aTeólogos _2 _9233 |
|
| 942 | _cBK | ||
| 999 |
_c45496 _d45496 |
||